Cyclisme - World Tour par nationalité 2024 - Statistiques

Statistiques générales
  • Ce quiz a été pris 745 fois
  • Le résultat moyen est 31 sur 42
Statistiques - réponses
Nombre de coureur Nationalité % Correct
78 France
100%
62 Belgique
99%
34 Espagne
99%
53 Italie
96%
46 Pays Bas
96%
33 Royaume Uni
96%
30 Allemagne
93%
13 Etats Unis
93%
7 Slovenie
92%
7 Portugal
90%
1 Canada
89%
16 Colombie
88%
18 Danemark
88%
2 Russie
88%
7 Norvege
87%
8 Suisse
87%
26 Australie
84%
1 Slovaquie
83%
2 Japon
80%
7 Pologne
80%
6 Irlande
77%
4 Luxembourg
77%
1 Mexique
76%
10 Autriche
75%
3 Erythree
72%
8 Nouvelle Zelande
72%
1 Bresil
71%
4 Equateur
69%
1 Finlande
69%
3 Afrique du Sud
66%
2 Lettonie
63%
2 Estonie
61%
4 Republique Tcheque
61%
1 Hongrie
60%
1 Croatie
59%
1 Littuanie
59%
1 Serbie
50%
10 Kazahkstan
38%
1 Ethiopie
29%
1 Costa Rica
25%
1 Taiwan
16%
1 Bahrain
8%
Aucun quiz correspondant
Distribution des résultats
% des personnes avec chaque résultat
Percentile par nombre de réponses
Votre historique - résultats
Vous n’avez pas pris ce quiz